nourriture asiatique emojis đŸ„ą - Statistiques

Statistiques générales
  • Ce quiz a Ă©tĂ© pris 55 fois
  • Le rĂ©sultat moyen est 9 sur 15
Statistiques - réponses
Hint Réponse % Correct
🍚 riz
98%
🍣 sushi
94%
đŸ«š gingembre
84%
🍜 ramen
82%
đŸ„„ noix de coco
80%
🧋 bubble tea
78%
🍙 onigiri
73%
đŸ„ą baguettes
65%
đŸ„Ÿ gyoza
61%
đŸ„Ą nouilles
59%
đŸ€ tempura
53%
đŸ± bento
49%
🍡 mochi
25%
đŸ„ naruto
25%
đŸ„  biscuit de la fortune
6%
Aucun quiz correspondant
Distribution des résultats
% des personnes avec chaque résultat
Percentile par nombre de réponses
Votre historique - résultats
Vous n’avez pas pris ce quiz